Tìm Hiểu Dân ca Quan Họ

Gespeichert in:
Bibliographische Detailangaben
1. Verfasser: Trần Linh Quý
Format: Buch
Sprache:Vietnamese
Veröffentlicht: Dân Tộc 2012
Schlagworte:
Tags: Tag hinzufügen
Keine Tags, Fügen Sie den ersten Tag hinzu!
Thư viện lưu trữ: Mạng thư viện Đại học Đà Nẵng
LEADER 01184nam a22003371a 4500
001 000036135
003 12428
005 20160328000000.0
008 160328s2012 vm 000 vie
020 |a 978-604-70-0112-5 
041 |a vie 
082 |a 398.2  |b TR-Q 
100 |a Trần Linh Quý 
245 |a Tìm Hiểu Dân ca Quan Họ  |c Trần Linh Quý 
260 |a Dân Tộc  |c 2012 
300 |a 343tr. : mh :20cm 
650 |a Tìm Hiểu Dân ca Quan Họ,Dân ca, Quan Họ,2012,Trần Linh Quý 
852 |b Chuyên đề  |c Ngôn ngữ tiếng Việt 2 
OWN |a LNN 
AVA |a UDN50  |b LNN  |d 398.2 TR-Q  |e available  |t Error 5001 Not defined in file expand_doc_bib_avail.  |f 1  |g 0  |h N  |i 0  |k 1 
999 |a From the UDN01 
AVA |a UDN50  |b LNN  |d 398.2 TR-Q  |e available  |t Error 5001 Not defined in file expand_doc_bib_avail.  |f 1  |g 0  |h N  |i 0  |k 1 
TYP |a Monograph 
TYP |a Printed language 
980 |a Mạng thư viện Đại học Đà Nẵng